| 000 | 01106nam a22001937a 4500 | ||
|---|---|---|---|
| 005 | 20260124094039.0 | ||
| 008 | 230713b ||||| |||| 00| 0 eng d | ||
| 040 |
_cSSBUL _dSSBUL |
||
| 082 |
_223 _a၆၁၃.၂ လှ ၁၆၀၄၆ (S-SAT) |
||
| 100 |
_aလှဖေ၊ _cဦး၊ _gမြန်မာနိုင်ငံဆေးသုတေသနဌာန။ _927936 |
||
| 245 |
_aအစာလည်းဆေး / _cဦးလှဖေ၊ မြန်မာနိုင်ငံဆေးသုတေသနဌာန။ |
||
| 260 |
_aရန်ကုန်၊ _bစာပေဗိမာန်၊ _c၁၉၇၂။ |
||
| 300 |
_a၁၁၆ စာမျက်နှာ၊ _bရုပ်ပုံများ၊ _c၁၈ စင်တီ။ |
||
| 440 |
_aစာပေဗိမာန်ထုတ်ပြည်သူ့လက်စွဲစာစဉ်။ _927757 |
||
| 500 | _aS-SAT: Dr. Prof Sai Aung Tun | ||
| 504 | _6ကျမ်းကိုးစာရင်းပါရှိသည်။ | ||
| 650 |
_aအစာအာဟာရနှင့် ကျန်းမာရေး။ _927937 |
||
| 942 |
_2ddc _cBK1 |
||
| 999 |
_c27169 _d27169 |
||